| 000 | 00707nam a2200205Ia 4500 | ||
|---|---|---|---|
| 001 | 9028 | ||
| 003 | GE_BSU | ||
| 008 | 181216s||||||||xx |||||||||||||| ||und|| | ||
| 040 | _cGE_BSU | ||
| 080 | _a821.353.1–32 | ||
| 100 | _aკობერიძე,კარლო | ||
| 245 | _aზღაპარი დაკარგულ სიმღერაზე | ||
| 245 | _cრედ.ს.დემურხანაშვილი. მხატვ.სპ.ცინცაძე | ||
| 260 | _aთბილისი | ||
| 260 | _bმერანი | ||
| 260 | _c1969 | ||
| 300 | _a170გვ.16სმ. | ||
| 653 | _aზღაპარი დაკარგულ სიმღერაზე | ||
| 942 | _cBK | ||
| 999 |
_c42332 _d42332 |
||